[Event "CYP-ch op"]
[Site "Nicosia"]
[Date "2022.02.04"]
[Round "1"]
[White "Rousis, Chrysostomos"]
[Black "Kourouzides, Constantinos"]
[Result "1-0"]
[WhiteElo "1856"]
[BlackElo "1251"]
[PlyCount "105"]
[EventDate "2022.02.04"]
[EventType "swiss"]
[EventRounds "9"]
[EventCountry "CYP"]
[SourceTitle "CBM 207 Extra"]
[Source "ChessBase"]
[SourceDate "2022.05.31"]
[SourceVersion "1"]
[SourceVersionDate "2022.05.31"]
[SourceQuality "1"]

1. e4 e5 2. Nf3 Nf6 3. Nxe5 d6 4. Nf3 Nxe4 5. Nc3 Nxc3 6. dxc3 Be7 7. Be3 h6 8. Qd2 Nd7 9. 0-0-0 Ne5 10. Bb5+ c6 11. Be2 Be6 12. Nd4 Bd7 13. h3 Qa5 14. Kb1 0-0-0 15. Nb3 Qa4 16. Bd4 Rhg8 17. Qe3 Be6 18. f4 c5 19. fxe5 cxd4 20. Rxd4 Qc6 21. Bf3 Qb6 22. Rhd1 dxe5 23. Qxe5 Bf6 24. Rxd8+ Rxd8 25. Rxd8+ Qxd8 26. Qc5+ Kb8 27. Nd4 Bxd4 28. cxd4 Qe8 29. Qe5+ Kc8 30. Qe4 Qb5 31. b3 Bf5 32. Qxf5+ Qxf5 33. Bg4 Qxg4 34. hxg4 Kd7 35. Kc1 Ke6 36. Kd2 f5 37. gxf5+ Kxf5 38. Ke3 h5 39. Kf3 h4 40. g4+ Kf6 41. c4 g5 42. b4 Ke6 43. Ke4 b6 44. b5 Kd6 45. a4 Kd7 46. c5 Kc7 47. c6 Kd6 48. d5 Ke7 49. Ke5 h3 50. d6+ Ke8 51. Ke6 Kd8 52. c7+ Kc8 53. Ke7 1-0

[Event "Online Olym Div4 C"]
[Site "Chess.com INT"]
[Date "2021.08.21"]
[Round "7.6"]
[White "Kebede, Yoseph Kifle"]
[Black "Rousis, Chrysostomos"]
[Result "0-1"]
[WhiteElo "1814"]
[BlackElo "1775"]
[PlyCount "90"]
[EventDate "2021.08.20"]
[EventType "team (rapid)"]
[EventRounds "11"]
[EventCountry "USA"]
[SourceTitle "CBM 203 Extra"]
[Source "ChessBase"]
[SourceDate "2021.09.30"]
[SourceVersion "1"]
[SourceVersionDate "2021.09.30"]
[SourceQuality "1"]
[WhiteTeam "Ethiopia"]
[BlackTeam "Cyprus"]
[WhiteTeamCountry "ETH"]
[BlackTeamCountry "CYP"]

1. e4 c5 2. Nf3 d6 3. d3 Nf6 4. g3 e6 5. Bg2 Be7 6. 0-0 0-0 7. Nbd2 a6 8. Re1 Nbd7 9. c3 Qc7 10. d4 b5 11. e5 Nd5 12. h4 dxe5 13. dxe5 Bb7 14. Nf1 Rfd8 15. Qc2 h6 16. N1h2 Bf8 17. h5 Rac8 18. Ng4 Ne7 19. Bf4 Qb6 20. Rad1 Nf5 21. Ne3 Nxe3 22. Rxe3 Bxf3 23. Bxf3 c4 24. Re2 Nc5 25. Be3 Qc7 26. Bd4 Nd3 27. Be4 Nc5 28. Bh7+ Kh8 29. Rde1 Nd7 30. Be4 Bc5 31. Qc1 Nxe5 32. Bb1 Bxd4 33. cxd4 Nf3+ 34. Kg2 Nxe1+ 35. Rxe1 Qc6+ 36. Kg1 Rxd4 37. Qc2 Rd3 38. Qe2 Qd5 39. Kh2 Rd2 40. Qe3 Qxh5+ 41. Kg2 Qd5+ 42. Be4 Qd4 43. Qf4 f5 44. Rh1 Qxe4+ 45. Qxe4 fxe4 0-1

[Event "CYP-ch op"]
[Site "Nikosia"]
[Date "2021.06.13"]
[Round "3"]
[White "Georgantas, Antonios"]
[Black "Rousis, Chrysostomos"]
[Result "1/2-1/2"]
[WhiteElo "1823"]
[BlackElo "1692"]
[PlyCount "154"]
[EventDate "2021.06.11"]
[EventType "swiss"]
[EventRounds "7"]
[EventCountry "CYP"]
[SourceTitle "EXT 2023"]
[Source "ChessBase"]
[SourceDate "2022.10.05"]
[SourceVersion "1"]
[SourceVersionDate "2022.10.05"]
[SourceQuality "1"]

1. e4 c5 2. Nf3 d6 3. d4 cxd4 4. Nxd4 Nf6 5. Nc3 a6 6. g3 e5 7. Nb3 Be7 8. Bg2 0-0 9. 0-0 Nbd7 10. h3 b5 11. a3 Bb7 12. Be3 Rc8 13. f4 Nb6 14. Na5 Ba8 15. Qd3 Qc7 16. Rad1 Na4 17. Nxa4 bxa4 18. Qxa6 Bxe4 19. Bxe4 Nxe4 20. Rf3 Ra8 21. Qc6 Qxc6 22. Nxc6 Bf6 23. fxe5 Bxe5 24. Nxe5 dxe5 25. Bc1 Rac8 26. c3 Nc5 27. Kf1 Rcd8 28. Ke2 Rxd1 29. Kxd1 f5 30. Kc2 g6 31. c4 e4 32. Rf1 Nd3 33. b4 axb3+ 34. Kxb3 Rb8+ 35. Kc2 Rc8 36. Kb3 Ne5 37. Bf4 Nxc4 38. Rc1 Na5+ 39. Ka4 Nc6 40. Kb5 Nd4+ 41. Kb6 Ra8 42. Rc3 Ne2 43. Re3 Nxf4 44. gxf4 Kf7 45. Kb5 Rb8+ 46. Kc6 Ra8 47. Kb5 Ke6 48. Kc5 Rc8+ 49. Kd4 Rd8+ 50. Kc4 Rc8+ 51. Kd4 Kd6 52. Rb3 Ra8 53. Rb6+ Kc7 54. Rb3 Rd8+ 55. Ke3 Rd5 56. Ke2 Kc6 57. Ke3 Rb5 58. Rc3+ Kd5 59. h4 h6 60. a4 Ra5 61. Ra3 Kc4 62. Ra1 Ra6 63. h5 Kb4 64. hxg6 Rxg6 65. Kd4 Re6 66. Ke3 Ra6 67. Rh1 Kxa4 68. Rh5 Rf6 69. Kd4 Kb4 70. Ke5 Rf8 71. Rxh6 e3 72. Kd4 e2 73. Rb6+ Ka5 74. Re6 Rd8+ 75. Kc3 Rc8+ 76. Kd2 Kb4 77. Kxe2 Kc4 1/2-1/2

[Event "EU-ch Online U14"]
[Site "Tornelo INT"]
[Date "2020.09.20"]
[Round "7"]
[White "Rousis, Chrysostomos"]
[Black "Theocharous, Vassilis"]
[Result "1-0"]
[WhiteElo "1602"]
[BlackElo "1439"]
[PlyCount "93"]
[EventDate "2020.09.18"]
[EventType "swiss (rapid)"]
[EventRounds "9"]
[EventCountry "NET"]
[SourceTitle "EXT 2023"]
[Source "ChessBase"]
[SourceDate "2022.10.05"]
[SourceVersion "1"]
[SourceVersionDate "2022.10.05"]
[SourceQuality "1"]
[WhiteTeam "Zypern"]
[BlackTeam "Zypern"]
[WhiteTeamCountry "CYP"]
[BlackTeamCountry "CYP"]

1. e4 d5 2. exd5 Nf6 3. d4 Nxd5 4. c4 Nb6 5. Nf3 e6 6. Nc3 Bb4 7. Bd2 c5 8. a3 cxd4 9. axb4 dxc3 10. Bxc3 Qxd1+ 11. Rxd1 0-0 12. b3 Nc6 13. Bd3 Ne7 14. 0-0 Ng6 15. Be4 Re8 16. Ne5 Nxe5 17. Bxe5 f6 18. Bc7 Kf7 19. c5 Nd5 20. Bxd5 exd5 21. Rxd5 Be6 22. Rd3 Re7 23. Bd6 Rd7 24. h3 Rc8 25. Rc1 Ke8 26. b5 Bxb3 27. Rxb3 Rxd6 28. Re1+ Kd7 29. cxd6 Kxd6 30. Ra3 Rc5 31. Rb1 a6 32. bxa6 bxa6 33. Rxa6+ Ke5 34. Rab6 Kf5 35. R6b5 Rxb5 36. Rxb5+ Kg6 37. Kh2 f5 38. Kg3 h5 39. h4 Kf6 40. Kf4 g5+ 41. hxg5+ Kg6 42. Rxf5 h4 43. Rf6+ Kg7 44. Rh6 h3 45. Rxh3 Kg6 46. Kg4 Kg7 47. Kf5 1-0

[Event "EU-ch Online U14"]
[Site "Tornelo INT"]
[Date "2020.09.18"]
[Round "1"]
[White "Samadov, Read"]
[Black "Rousis, Chrysostomos"]
[Result "1-0"]
[WhiteElo "2001"]
[BlackElo "1602"]
[PlyCount "97"]
[EventDate "2020.09.18"]
[EventType "swiss (rapid)"]
[EventRounds "9"]
[EventCountry "NET"]
[SourceTitle "EXT 2023"]
[Source "ChessBase"]
[SourceDate "2022.10.05"]
[SourceVersion "1"]
[SourceVersionDate "2022.10.05"]
[SourceQuality "1"]
[WhiteTeam "Azerbaijan"]
[BlackTeam "Zypern"]
[WhiteTeamCountry "AZE"]
[BlackTeamCountry "CYP"]

1. d4 Nf6 2. c4 e6 3. g3 Bb4+ 4. Nd2 0-0 5. Bg2 d6 6. Ngf3 Qe7 7. 0-0 Bxd2 8. Bxd2 e5 9. dxe5 dxe5 10. Bc3 Nc6 11. Qc2 Rd8 12. Rad1 Bg4 13. h3 Bh5 14. Nh4 Nb4 15. Qb3 c5 16. g4 Bg6 17. Nxg6 hxg6 18. a3 Nc6 19. e3 Rac8 20. Qa4 a6 21. Rxd8+ Nxd8 22. Rd1 Nc6 23. Qc2 Rd8 24. Rxd8+ Nxd8 25. g5 Ne8 26. h4 Nd6 27. Bd5 Qd7 28. Bxe5 Nc6 29. Bxd6 Qxd6 30. Qe4 Kf8 31. Qf4 Qxf4 32. exf4 Nd4 33. Bxb7 Ne2+ 34. Kf1 Nxf4 35. Bxa6 Nd3 36. Ke2 Ne5 37. Bb5 Ke7 38. f4 Ng4 39. a4 Kd6 40. Be8 Ke7 41. a5 Kd6 42. Bxf7 Kc7 43. Bxg6 Kb7 44. Bf5 Nh2 45. Kf2 Ka6 46. Kg2 Kxa5 47. Kxh2 Kb4 48. h5 Kxc4 49. h6 1-0

[Event "Lympia Cyprus-ch op"]
[Site "Lympia"]
[Date "2020.02.02"]
[Round "9"]
[White "Rousis, Chrysostomos"]
[Black "Stefanidi, Maria Anna"]
[Result "0-1"]
[WhiteElo "1609"]
[BlackElo "1984"]
[PlyCount "70"]
[EventDate "2020.01.05"]
[EventType "swiss"]
[EventRounds "9"]
[EventCountry "CYP"]
[SourceTitle "CBM 194 Extra"]
[Source "ChessBase"]
[SourceDate "2020.03.31"]
[SourceVersion "1"]
[SourceVersionDate "2020.03.31"]
[SourceQuality "1"]

1. e4 c6 2. d4 d5 3. Nc3 dxe4 4. Nxe4 Bf5 5. Ng3 Bg6 6. Nf3 e6 7. Ne5 Nd7 8. Nxg6 hxg6 9. Be2 Ngf6 10. 0-0 Bd6 11. c4 Ne4 12. Bg4 Qh4 13. Bh3 Ndf6 14. Be3 g5 15. f3 Nxg3 16. Bf2 Nfh5 17. Qe1 Nf4 18. Bxg3 Nxh3+ 19. gxh3 Bxg3 20. Qxg3 Qxd4+ 21. Rf2 0-0-0 22. Kg2 Rh6 23. Qg4 Qf4 24. Re1 Qf6 25. Re4 Rdh8 26. f4 Rxh3 27. Kg1 R3h4 28. Qf3 g4 29. Qe3 Qf5 30. Rg2 Rh3 31. Qe2 g3 32. hxg3 Rh1+ 33. Kf2 R8h2 34. g4 Qh7 35. Kg3 Qh3+ 0-1

[Event "GRE-chT 45th"]
[Site "Achaia"]
[Date "2017.07.03"]
[Round "1.17"]
[White "Gioutsos, Vasileios"]
[Black "Rousis, Chrysostomos"]
[Result "1-0"]
[WhiteElo "1231"]
[BlackElo "1615"]
[PlyCount "129"]
[EventDate "2017.07.03"]
[EventType "team-swiss"]
[EventRounds "7"]
[EventCountry "GRE"]
[SourceTitle "CBM 179 Extra"]
[Source "ChessBase"]
[SourceDate "2017.08.23"]
[SourceVersion "1"]
[SourceVersionDate "2017.08.23"]
[SourceQuality "1"]
[WhiteTeam "Ioannina"]
[BlackTeam "Papagou BC"]
[WhiteTeamCountry "GRE"]
[BlackTeamCountry "GRE"]

1. e4 c5 2. Nf3 d6 3. c3 Nf6 4. h3 e6 5. Bd3 Nbd7 6. Bc2 Be7 7. 0-0 0-0 8. d4 Qc7 9. Bf4 b6 10. Re1 c4 11. Bg5 e5 12. dxe5 dxe5 13. Qe2 b5 14. a4 b4 15. cxb4 Bxb4 16. Bd2 Bxd2 17. Nbxd2 Ba6 18. Rac1 Rab8 19. Bb3 Qa5 20. Bxc4 Bxc4 21. Nxc4 Qxa4 22. Ra1 Qb5 23. Rxa7 Rfc8 24. Nd6 Qxe2 25. Rxe2 Rc6 26. Nf5 Rcb6 27. Ng3 g6 28. Ra5 Rxb2 29. Rxb2 Rxb2 30. Nxe5 Nxe5 31. Rxe5 Rb1+ 32. Kh2 Re1 33. f3 Kf8 34. Ra5 Nd7 35. Ra2 Ke7 36. Ne2 Ke6 37. Nf4+ Ke7 38. Nd5+ Ke6 39. Kg3 f5 40. Nf4+ Kf6 41. Ra6+ Kg5 42. h4+ Kh6 43. exf5 Ne5 44. fxg6 hxg6 45. Re6 Kg7 46. Nxg6 Nxf3 47. Nf4 Ne5 48. Ng6 Nd3 49. Rxe1 Nxe1 50. Nf4 Nc2 51. Kg4 Ne3+ 52. Kg5 Nc4 53. g4 Ne5 54. Kf5 Nf7 55. Ne6+ Kg8 56. g5 Nd6+ 57. Kf6 Ne4+ 58. Kg6 Ng3 59. h5 Ne4 60. h6 Kh8 61. Nd8 Nxg5 62. Kxg5 Kh7 63. Kh5 Kh8 64. Kg6 Kg8 65. h7+ 1-0